Shakespeare in Canada : 'a world elsewhere?' /

Bibliographic Details
Other Authors: Brydon, Diana, Makaryk, Irene Rima
Format: Book
Language:English
Published: Toronto ; Buffalo : University of Toronto Press, [2002]
Subjects:

MARC

Tag First Indicator Second Indicator Subfields
LEADER 00000cam a2200000 a 4500
001 in00001716632
005 20151024180259.0
008 020412s2002 oncac b 001 0 eng
020 |a 0802036554 
035 |a (OCoLC)ocm49649957 
040 |a NLC  |b eng  |c NLC  |d KLG  |d TXA  |d UtOrBLW 
049 |a TXAM 
055 0 2 |a PR3109* 
055 0 0 |a PR3109 C3  |b S53 2002 
082 0 |a 822.3/3  |2 21 
090 |a PR3109.C2  |b S53 2002 
245 0 0 |a Shakespeare in Canada :  |b 'a world elsewhere?' /  |c edited by Diana Brydon and Irena R. Makaryk. 
264 1 |a Toronto ;  |a Buffalo :  |b University of Toronto Press,  |c [2002] 
264 4 |c ©2002 
300 |a xii, 490 pages :  |b illustrations, portraits ;  |c 24 cm. 
336 |a text  |b txt  |2 rdacontent 
337 |a unmediated  |b n  |2 rdamedia 
338 |a volume  |b nc  |2 rdacarrier 
500 |a Includes index. 
504 |a Includes bibliographical references (pages [417]-454) and index. 
600 1 0 |a Shakespeare, William,  |d 1564-1616  |x Stage history  |z Canada. 
600 1 0 |a Shakespeare, William,  |d 1564-1616  |x Appreciation  |z Canada. 
600 1 0 |a Shakespeare, William,  |d 1564-1616  |x Criticism and interpretation. 
600 1 0 |a Shakespeare, William,  |d 1564-1616  |v Adaptations. 
700 1 |a Brydon, Diana. 
700 1 |a Makaryk, Irene Rima. 
948 |a cataloged  |b h  |c 2003/2/12  |d c  |e dmitchel  |f 10:00:00 am 
994 |a E0  |b TXA 
999 |a MARS 
999 f f |s aff55937-190f-3d3e-9892-b57146708723  |i 356ff5a7-b486-3e9a-89f7-44d292918cfa  |t 0 
952 f f |p normal  |a Texas A&M University  |b College Station  |c Sterling C. Evans Library  |d Evans: Library Stacks  |t 0  |e PR3109.C2 S53 2002  |h Library of Congress classification  |i unmediated -- volume  |m A14829950253 
998 f f |a PR3109.C2 S53 2002  |t 0  |l Evans: Library Stacks